100 największych miast w Polsce według ludności - Statystyki

Ogólne statystyki
  • Ten quiz został rozwiązany 159 razy
  • Średni wynik to 24 z 100
Odpowiedzi na mapie
Odpowiedzi zakodowano w zielono-czerwonej skali na mapie do tego quizu, zgodnie z poniższymi procentami.
 
Statystyki odpowiedzi
Populacja Miasto % Poprawnych
1,777,972 Warszawa
100%
771,069 Kraków
88%
685,285 Łódź
77%
640,648 Wrocław
72%
536,438 Poznań
69%
466,631 Gdańsk
68%
402,465 Szczecin
65%
350,178 Bydgoszcz
63%
339,682 Lublin
60%
297,459 Białystok
58%
294,510 Katowice
56%
246,309 Gdynia
52%
222,292 Częstochowa
49%
213,029 Radom
47%
202,074 Toruń
45%
195,774 Kielce
43%
191,564 Rzeszów
43%
178,806 Gliwice
40%
202,036 Sosnowiec
39%
172,362 Olsztyn
38%
173,374 Zabrze
36%
171,259 Bielsko-Biała
35%
140,297 Zielona Góra
33%
128,137 Opole
31%
166,795 Bytom
30%
127,831 Tychy
28%
120,142 Elbląg
27%
123,921 Gorzów Wielkopolski
27%
107,321 Koszalin
27%
120,000 Płock
27%
138,696 Rybnik
27%
138,000 Ruda Śląska
26%
120,259 Dąbrowa Górnicza
25%
109,062 Tarnów
25%
112,594 Wałbrzych
25%
100,975 Kalisz
24%
110,802 Włocławek
24%
99,752 Legnica
23%
91,007 Słupsk
22%
108,434 Chorzów
21%
95,045 Grudziądz
21%
83,896 Nowy Sącz
21%
79,480 Jelenia Góra
20%
89,128 Jastrzębie-Zdrój
19%
91,563 Jaworzno
19%
74,151 Konin
19%
73,398 Piła
19%
77,872 Siedlce
17%
73,114 Inowrocław
15%
72,581 Lubin
15%
74,586 Mysłowice
15%
73,670 Piotrków Trybunalski
15%
67,938 Stargard
15%
63,952 Leszno
14%
69,827 Suwałki
14%
61,928 Ełk
13%
46,367 Kołobrzeg
13%
60,478 Mielec
13%
72,050 Ostrów Wielkopolski
13%
61,251 Przemyśl
13%
49,789 Wejherowo
13%
63,813 Zamość
13%
67,615 Głogów
12%
68,479 Gniezno
12%
69,051 Ostrowiec Świętokrzyski
12%
65,283 Pabianice
12%
49,031 Rumia
12%
57,352 Biała Podlaska
11%
62,670 Chełm
11%
61,062 Kędzierzyn-Koźle
11%
63,000 Łomża
11%
52,262 Ostrołęka
11%
61,784 Pruszków
11%
47,774 Puławy
11%
61,182 Stalowa Wola
11%
60,279 Tczew
11%
56,529 Zgierz
11%
56,804 Będzin
10%
57,432 Bełchatów
10%
46,511 Krosno
10%
54,066 Legionowo
10%
48,119 Piaseczno
10%
55,299 Piekary Śląskie
10%
48,178 Skierniewice
10%
47,776 Starogard Gdański
10%
47,047 Tarnobrzeg
10%
45,817 Dębica
9%
44,880 Otwock
9%
46,087 Radomsko
9%
67,154 Siemianowice Śląskie
9%
50,012 Świętochłowice
9%
48,143 Wodzisław Śląski
9%
49,567 Zawiercie
9%
62,456 Żory
9%
54,882 Racibórz
8%
45,358 Skarżysko-Kamienna
8%
48,965 Starachowice
8%
62,649 Tomaszów Mazowiecki
8%
57,310 Świdnica
7%
61,356 Tarnowskie Góry
7%
Nie znaleziono quizów pasujących do podanych kryteriów
Rozkład punktacji
Procent ludzi z każdym wynikiem
Percentyl według liczby udzielonych odpowiedzi
Twoja historia wyników
Nie rozwiązałeś tego quizu